000 00808cam a2200289 4500500
005 20260405001729.0
041 _afre
042 _adc
100 1 0 _aRogé, Antoine
_eauthor
245 0 0 _aSacher-Masoch et l’invention du masochisme
260 _c2014.
500 _a46
690 _aDeleuze
690 _aFouet
690 _aMartin Duru
690 _aMasochisme
690 _aParaphiliae
690 _aPolanski
690 _aRoland Jaccard
690 _aSacher-Masoch
690 _aSade
690 _aSexualité
690 _aSvenja Flaßpöhler
690 _aVénus à la Fourrure
786 0 _nPhilosophie magazine | 78 | 4 | 2014-04-01 | p. 52-52 | 1951-1787
856 4 1 _uhttps://shs.cairn.info/magazine-philosophie-magazine-2014-4-page-52?lang=fr&redirect-ssocas=7080
999 _c2050506
_d2050506